=LDR 00000nam 2200000 4500 =001 INLIS000000000021717 =005 20130612120541 =008 ***********************************Ind** =035 ##$$0010-061300000021717 =041 ##$$a Ind =082 ##$$a 658.5 =090 ##$$a 658.5, han-d =100 ##$$a HANDOKO, T. Hani =245 ##$$a Dasar-dasar manajemen produksi dan operasi, Drs. T. Hani Handoko, MBA, PHD =260 ##$$a 2000 $b Yogyakarta =300 ##$$a xii, 462 hlm., ilus, 23 cm =650 ##$$a manajemen- produksi =850 ##$$a NBPNMAT =990 ##$$a 0001/BPAP-NTB/20142014 =990 ##$$a 0001/BPAP-NTB/20142014 =990 ##$$a 0001/BPAP-NTB/2015 =990 ##$$a 0152/BPAP-NTB/2017 =990 ##$$a 0153/BPAP-NTB/2017 =990 ##$$a 08110811 =990 ##$$a 2521/Pb-2005 =990 ##$$a 76.429/PRO.94 =990 ##$$a 20402701 =990 ##$$a 0001/BPAP-NTB/20142014 =990 ##$$a 0001/BPAP-NTB/20142014 =990 ##$$a 0001/BPAP-NTB/2015 =990 ##$$a 0152/BPAP-NTB/2017 =990 ##$$a 0153/BPAP-NTB/2017 =990 ##$$a 2521/Pb-2005 =990 ##$$a 76.429/PRO.94 =990 ##$$a 20402701 =990 ##$$a 0001/BPAP-NTB/20142014 =990 ##$$a 0001/BPAP-NTB/20142014 =990 ##$$a 0152/BPAP-NTB/2017 =990 ##$$a 20402701 =990 ##$$a 20402701 =990 ##$$a 0001/BPAP-NTB/20142014 =990 ##$$a 0001/BPAP-NTB/20142014 =990 ##$$a 0152/BPAP-NTB/2017 =990 ##$$a 2521/Pb-2005